Dicho y hecho: beginning Spanish annoted instructor's edition

Furkejuvvon:
Bibliográfalaš dieđut
Váldodahkkit: Dawson, Laila M (Dahkki), Dawson, Albert C (Dahkki)
Materiálatiipa: Girji
Giella:eaŋgalasgiella
espánnjágiella
Almmustuhtton: Nueva York John Wiley and Sons 1993
Preanttus:4a. ed
Fáttát:
Fáddágilkorat: Lasit fáddágilkoriid
Eai fáddágilkorat, Lasit vuosttaš fáddágilkora!

MARC

LEADER 00000cam a2200000 a 4500
001 UCG9423
003 CL-VaPUC
008 120316e19930000US |||||||||||||||||eng|d
020 |a 0471589020 
041 0 7 |a eng  |2 CL-VaPUC 
041 0 7 |a spa  |2 CL-VaPUC 
082 0 4 |a 468.2421  |b DAW  |2 21 
100 0 |a Dawson, Laila M  |e author  |9 561005 
700 0 |a Dawson, Albert C  |e author  |9 561006 
245 1 0 |a Dicho y hecho: beginning Spanish annoted instructor's edition 
250 |a 4a. ed 
300 |a 500 p 
942 |c BK 
945 |d 20120316 00:00:00  |a dcastane 
260 |a Nueva York  |b John Wiley and Sons  |c 1993 
650 0 |a Adquisición del lenguaje   |9 309032 
650 0 |a Métodos de enseñanza  |9 270413 
650 0 |a Educación lingüística  |9 306506 
650 0 |a Enseñanza del español  |9 339826 
583 |a last modification  |c 20120316 11:38:00  |k Rodrigo Vera 
999 |c 346978  |d 346976 
952 |0 0  |1 0  |4 0  |6 468_242100000000000_DAW_1993  |7 0  |8 A  |9 448031  |a BIBEDU  |b BIBEDU  |d 2019-11-22  |i 4842324  |o 468.2421 DAW 1993  |p 4842324  |r 2019-11-22  |w 2019-11-22  |y BK  |k LIT